| Поле | Инд. | ПП | Название | Значение |
|---|---|---|---|---|
| Тип записи | a | |||
| Библиографический уровень | m | |||
| 001 | Контрольный номер | RU/LIBMSTU/231074029 | ||
| 005 | Дата корректировки | 20170130152357.0 | ||
| 020 | 00 | a | ISBN | 5-8114-0483-2 (Лань) |
| c | Цена, тираж | 56-25 | ||
| 020 | 00 | a | ISBN | 5-98119-341-7 (Омега-Л) |
| 084 | a | Индекс другой классификации/Индекс ББК | 75.1 | |
| 090 | 00 | a | Полочн. индекс | 75 |
| x | Авторский знак | М 33 | ||
| 100 | 10 | a | Автор | Матвеев Л. П. |
| 245 | 00 | a | Заглавие | Теория и методика физической культуры |
| b | Продолж. заглавия | введение в предмет : учебник для вузов | ||
| 250 | 00 | a | Основные сведения об издании | Изд. 4-е, стер. |
| 260 | 00 | a | Место издания | Санкт-Петербург ; Москва ; Краснодар |
| b | Издательство | Лань : Омега-Л | ||
| c | Дата издания | 2004 | ||
| 300 | 00 | a | Объем | 158, [1] с. |
| 650 | _4 | a | Основная рубрика | Физическая культура-Учебные издания для высших учебных заведений |
| 653 | 00 | a | Ключевые слова | Спорт |
| a | Ключевые слова | Физическая культура | ||
| 901 | t | Тип документа | m | |
| 952 | b | Гриф литературы для ВШ | Допущено Гос. ком. СССР по нар. образованию | |
| c | Вид литературы | учебник | ||
| 990 | 00 | f | Даты поступлений (DOS) | 02.05 |